000
00280nam a22001217a 4500
008
171123b xxu||||| |||| 00| 0 eng d
041
_a
eng
080
_a
338
100
_a
53
101
_a
MEN
245
_a
THE ANALYSIS OF INFORMATION SYSTEMS
_c
MEADOW.CH.T
942
_2
udc
_c
BK
999
_c
38399
_d
38399